000 00298nam a22001337a 4500
008 181207b xxu||||| |||| 00| 0 eng d
020 _a0941158012
041 _aeng
080 _a618
100 _a10
101 _aGJIN
245 _aObstetrical Decision Making
_cFriedman,E.A
942 _2udc
_cBK
999 _c53018
_d53018